000 00602nam a2200229Ia 4500
003 OSt
005 20230327104556.0
008 210423s2007 xx 000 0 und d
020 _a195686462
040 _cAL
041 _aeng
082 _a338.5 SENA
100 _aSEN (Anindya)
_978154
245 _aMicroeconomics: theory and applications
260 _aNew Delhi
_bOxford University Press
_c2007
300 _aviii,290
_bPB
365 _b245
_cINR
650 _aEconomics
_978155
650 _aMicroeconomics
_978156
906 _aapplications ; Microeconomics: ; theory
942 _2ddc
_cBK
999 _c156059
_d156059